La Perrita Que Le Encantaban Las Tortillas = (Record no. 21100)

MARC details
000 -LEADER
fixed length control field 01001nam a22002655a 4500
001 - CONTROL NUMBER
control field sjds2051045
003 - CONTROL NUMBER IDENTIFIER
control field sjds
005 - DATE AND TIME OF LATEST TRANSACTION
control field 20180727213600.0
008 - FIXED-LENGTH DATA ELEMENTS--GENERAL INFORMATION
fixed length control field 180613s2012 |||| j|| ||||||||||||
020 ## - INTERNATIONAL STANDARD BOOK NUMBER
International Standard Book Number 9781933693668 (pbk.)
020 ## - INTERNATIONAL STANDARD BOOK NUMBER
International Standard Book Number 1933693665 (pbk.)
035 ## - SYSTEM CONTROL NUMBER
System control number in500752640
040 ## - CATALOGING SOURCE
Transcribing agency sjds
041 ## - LANGUAGE CODE
Language code of text/sound track or separate title spa
-- eng
100 1# - MAIN ENTRY--PERSONAL NAME
Personal name Saenz, Benjamin Alire
245 13 - TITLE STATEMENT
Title La Perrita Que Le Encantaban Las Tortillas =
Remainder of title The Dog Who Loved Tortillas /
Statement of responsibility, etc. Benjamin Alire Saenz ; illustrations by Geronimo Garcia.
246 ## - VARYING FORM OF TITLE
Title proper/short title Dog Who Loved Tortillas
246 ## - VARYING FORM OF TITLE
Title proper/short title La Perrita Que Le Encantaban Las Tortillas
260 ## - PUBLICATION, DISTRIBUTION, ETC. (IMPRINT)
Place of publication, distribution, etc. El Paso, Tex. :
Name of publisher, distributor, etc. Cinco Puntos Press,
Date of publication, distribution, etc. [2012], c2009
300 ## - PHYSICAL DESCRIPTION
Extent 36 pages :
Other physical details color illustrations ;
Dimensions 21 x 26 cm
520 ## - SUMMARY, ETC.
Summary, etc. When Gabriela and her brother Little Diego get a puppy named Sofie, they fight over who she belongs to, but when Sofie gets very sick they find the answer.
650 ## - SUBJECT ADDED ENTRY--TOPICAL TERM
Topical term or geographic name as entry element Dogs
Form subdivision Fiction
700 ## - ADDED ENTRY--PERSONAL NAME
Personal name Garcia, Geronimo
942 ## - ADDED ENTRY ELEMENTS (KOHA)
Koha item type Libro/Book
Holdings
Withdrawn status Lost status Damaged status Not for loan Home library Current library Date acquired Inventory number Total Checkouts Barcode Date last seen Price effective from Koha item type
        Zaragoza -- Satellite Zaragoza -- Satellite 14/05/2019 Inventory date: 7/7/25   35500795 14/05/2019 14/05/2019 Libro/Book

Powered by Koha